<?xml version="1.0" encoding="UTF-8"?>
<record
    xmlns:xsi="http://www.w3.org/2001/XMLSchema-instance"
    xsi:schemaLocation="http://www.loc.gov/MARC21/slim http://www.loc.gov/standards/marcxml/schema/MARC21slim.xsd"
    xmlns="http://www.loc.gov/MARC21/slim">

  <leader>01300    a2200217   4500</leader>
  <controlfield tag="005">2008092303393.0</controlfield>
  <controlfield tag="008">080923t        xxu||||| |||| 00| 0 hin d</controlfield>
  <datafield tag="010" ind1=" " ind2=" ">
    <subfield code="a">HIN-81374</subfield>
  </datafield>
  <datafield tag="020" ind1=" " ind2=" ">
    <subfield code="a">9788171245680</subfield>
    <subfield code="c">180.00</subfield>
  </datafield>
  <datafield tag="035" ind1=" " ind2=" ">
    <subfield code="a">HN-53720</subfield>
  </datafield>
  <datafield tag="037" ind1=" " ind2=" ">
    <subfield code="b">&#x92A;&#x941;.&#x92A;&#x94D;&#x930;.&#x905;.&#x92A;&#x94D;&#x930; / &#x92A;&#x94D;&#x930;&#x915;&#x93E;.</subfield>
  </datafield>
  <datafield tag="082" ind1=" " ind2=" ">
    <subfield code="a">821.08</subfield>
  </datafield>
  <datafield tag="100" ind1=" " ind2=" ">
    <subfield code="a">&#x924;&#x94D;&#x930;&#x93F;&#x92A;&#x93E;&#x920;&#x940; , &#x930;&#x93E;&#x927;&#x93E;&#x935;&#x932;&#x94D;&#x932;&#x92D;</subfield>
  </datafield>
  <datafield tag="245" ind1=" " ind2=" ">
    <subfield code="a">&#x92D;&#x93E;&#x930;&#x924;&#x940;&#x92F; &#x915;&#x93E;&#x935;&#x94D;&#x92F;&#x936;&#x93E;&#x938;&#x94D;&#x924;&#x94D;&#x930; &#x915;&#x940; &#x906;&#x91A;&#x93E;&#x930;&#x94D;&#x92F;-&#x92A;&#x930;&#x92E;&#x94D;&#x92A;&#x930;&#x93E;</subfield>
    <subfield code="c">&#x930;&#x93E;&#x927;&#x93E;&#x935;&#x932;&#x94D;&#x932;&#x92D; &#x924;&#x94D;&#x930;&#x93F;&#x92A;&#x93E;&#x920;&#x940;</subfield>
  </datafield>
  <datafield tag="246" ind1=" " ind2=" ">
    <subfield code="a">Bharatiya Kavyashastra Ki Acharya Parampara</subfield>
    <subfield code="b">By-Radhavllabh Tripathi</subfield>
  </datafield>
  <datafield tag="260" ind1=" " ind2=" ">
    <subfield code="a">&#x935;&#x93E;&#x930;&#x93E;&#x923;&#x938;&#x940;</subfield>
    <subfield code="b">&#x935;&#x93F;&#x936;&#x94D;&#x935;&#x935;&#x93F;&#x926;&#x94D;&#x92F;&#x93E;&#x932;&#x92F; &#x92A;&#x94D;&#x930;&#x915;&#x93E;&#x936;&#x928;</subfield>
    <subfield code="c">2007</subfield>
  </datafield>
  <datafield tag="270" ind1=" " ind2=" ">
    <subfield code="a">&#x92A;&#x94B; &#x92C;&#x949; 1149,&#x935;&#x93F;&#x936;&#x93E;&#x932;&#x93E;&#x915;&#x94D;&#x937;&#x940; &#x92D;&#x935;&#x928;,&#x91A;&#x94C;&#x915;</subfield>
    <subfield code="b">&#x935;&#x93E;&#x930;&#x93E;&#x923;&#x938;&#x940;</subfield>
    <subfield code="e">221001</subfield>
    <subfield code="k">(0542)2413741 , 2413082</subfield>
    <subfield code="m">sales@vvpbooks.com</subfield>
  </datafield>
  <datafield tag="300" ind1=" " ind2=" ">
    <subfield code="a">160 &#x92A;&#x943;</subfield>
    <subfield code="c">23 &#x938;&#x947;&#x92E;&#x940;(&#x938;&#x91C;&#x93F;&#x932;&#x94D;&#x926;)</subfield>
  </datafield>
  <datafield tag="942" ind1=" " ind2=" ">
    <subfield code="a">dpl</subfield>
    <subfield code="c">HN</subfield>
    <subfield code="k">821.08 / &#x924;&#x94D;&#x930;&#x93F;&#x92A;&#x93E;&#x920;&#x940;</subfield>
    <subfield code="2">ddc</subfield>
    <subfield code="h">821.08</subfield>
    <subfield code="m"> &#x924;&#x94D;&#x930;&#x93F;&#x92A;&#x93E;&#x920;&#x940;</subfield>
  </datafield>
  <datafield tag="999" ind1=" " ind2=" ">
    <subfield code="c">8340</subfield>
    <subfield code="d">8340</subfield>
  </datafield>
  <datafield tag="952" ind1=" " ind2=" ">
    <subfield code="0">0</subfield>
    <subfield code="1">0</subfield>
    <subfield code="2">ddc</subfield>
    <subfield code="4">0</subfield>
    <subfield code="7">0</subfield>
    <subfield code="a">DBAD</subfield>
    <subfield code="b">DBAD</subfield>
    <subfield code="d">2008-09-23</subfield>
    <subfield code="g">180.00</subfield>
    <subfield code="l">0</subfield>
    <subfield code="o">821.08  &#x924;&#x94D;&#x930;&#x93F;&#x92A;&#x93E;&#x920;&#x940;</subfield>
    <subfield code="p">HN-53720</subfield>
    <subfield code="r">2008-09-15 00:00:00</subfield>
    <subfield code="t">1</subfield>
    <subfield code="u">9255</subfield>
    <subfield code="v">180.00</subfield>
    <subfield code="w">2008-09-15</subfield>
    <subfield code="y">HN</subfield>
  </datafield>
</record>
